Funniest Family Feud Answers - Statistics

General Stats
  • This quiz has been taken 28 times
  • The average score is 4 of 20
Answer Stats
Question Answer % Correct
Give me something a waitress might put in a rude customer's food. Money
52%
If it were up to me, I'd never BLANK again. Cheat
48%
Tell me a country where you think the men are sexier than American men. The United States of America
48%
Name a number that most men exaggerate. 69
30%
Name a kind of suit that is not appropriate for the office. Chicken noodle
30%
What might a blind date conveniently forget to mention about himself? He's blind
30%
Name something specific of Leonardo DiCaprio's you'd like to hold. The Mona Lisa
30%
Name a state people associate with the old west. Mexico
22%
Name something a man might be willing to go to prison to get away from. The police
22%
Baed on its size, if your bottom were a planet, which one would it be? America
17%
Some men are pigs. What barnyard animal might you compare your man to? Camel
17%
Name an animal starting with the letter "C" that makes a funny sound. Koala
13%
It would be fun to swim in a pool filled with what? Pizza
13%
Swiss BLANK Swiss-zerland
13%
Name an animal whose legs are featured on a restaurant menu. Panda
9%
Of some dates you felt like saying "Less talk, more BLANK." Period (Less talk, more more)
9%
Name something a pirate might be embarrassed to admit he doesn't know how to do. Spell "pirate"
9%
Name a place where it's not acceptable for a man to wear shorts. Gym bathroom
4%
Name a secret about himself a man might only tell his wife on his deathbed. He lied about dying on his deathbed
4%
The Jolly Green Giant's son isn't very smart. He has a brain that is the size of what vegtable? Rasin
4%
No matching quizzes found
Score Distribution
Percent of People with Each Score
Percentile by Number Answered
Your Score History
You have not taken this quiz